00709nam a2200193 i 4500001000700000003000900007005001700016007000300033008004100036100004700077245008600124260006200210300002000272500001600292650003600308852003100344999001900375952012100394131473ES-MaACL20250809035222.0t|070214s1963 sp r ||||1| spa d1 aRodríguez Devesa, José María.99849310aDerecho penal español b: parte especial / cJosé María Rodríguez Devesa. aValladolid : b[s. n.], c1963 (fTall. Gráf. Castilla) a1 v. ; c25 cm. aEs el v. I.04aDerecho penal-zEspaña911752 aES-MaACLjP-1375 bR.53026 c131473d131473 00104070aATENEOMbATENEOMcDEPO2d2008-01-17eSCl0oP-1375p1136872r2023-02-23 00:00:00w2023-02-23yMONOGRAFIA